000 00847nmc a2200325 a 4500
003 AR-BaBNM
005 20251128205634.0
008 038019s1990 ||||||||||||||000 | spa||
020 _a84-7509-604-2
040 _cAR-BaBNM
100 1 _aWhite, Lynn
_chijo
245 1 0 _aTecnología medieval y cambio social
260 _aBarcelona
_bPaidós
_c1990
300 0 _a190 p.
_bil., láms.
490 0 _aStudio. básica
_vv. 12
500 0 _aNotas p. 153-190
650 4 _aHISTORIA EUROPEA
650 4 _aHISTORIA MEDIEVAL
650 4 _aEDAD MEDIA
650 4 _aFEUDALISMO
650 4 _aHISTORIA ECONOMICA
650 4 _aHISTORIA SOCIAL
650 4 _aCAMBIO SOCIAL
650 4 _aCAMBIO TECNOLOGICO
650 4 _aSOCIOLOGIA DEL CAMBIO
650 4 _aSOCIOLOGIA HISTORICA
650 4 _aTECNOLOGIA
942 _cBK
998 _cMariana
999 _c12186
_d12186